[Event "Fyli op 5th"]
[Site "Fyli"]
[Date "2012.09.22"]
[Round "2"]
[White "Karystianos, Petros"]
[Black "Abelakiotis, Stavros"]
[Result "1-0"]
[WhiteElo "1451"]
[BlackElo "1333"]
[PlyCount "131"]
[EventDate "2012.09.15"]
[EventType "swiss"]
[EventRounds "7"]
[EventCountry "GRE"]
[SourceTitle "EXT 2014"]
[Source "ChessBase"]
[SourceDate "2013.11.20"]
[SourceVersion "1"]
[SourceVersionDate "2013.11.20"]
[SourceQuality "1"]

1. e4 e5 2. Nf3 Nc6 3. Bb5 a6 4. Ba4 Nf6 5. 0-0 Bc5 6. c3 0-0 7. d4 exd4 8. cxd4 Be7 9. Nc3 b5 10. Bc2 b4 11. Na4 d6 12. e5 dxe5 13. dxe5 Qxd1 14. Rxd1 Nd7 15. Be4 Ndxe5 16. Nxe5 Nxe5 17. Bxa8 Bd7 18. Bd5 Bxa4 19. Re1 Bf6 20. Be4 Rd8 21. Rb1 h6 22. b3 Bb5 23. Bf4 Rd4 24. Rbd1 Nd3 25. Bxd3 Rxf4 26. Bxb5 axb5 27. Rd5 c6 28. Rd3 c5 29. g3 Rf5 30. Kg2 c4 31. bxc4 bxc4 32. Rdd1 Bb2 33. Re2 Bf6 34. Rb1 Bc3 35. Re4 Rc5 36. Rc1 f5 37. Re2 Bf6 38. Rec2 c3 39. Rb1 Rb5 40. Rb3 Be7 41. a3 Kf7 42. axb4 Bxb4 43. Rcxc3 Bxc3 44. Rxb5 Kg6 45. h3 Kf6 46. Kf3 Be5 47. g4 fxg4+ 48. hxg4 Bd6 49. Ke4 Bc7 50. f4 g6 51. Rc5 Bb8 52. Rc6+ Kf7 53. Rb6 Bxf4 54. Kxf4 Kg7 55. Ke5 g5 56. Kf5 Kh7 57. Rb7+ Kg8 58. Kg6 Kf8 59. Kxh6 Ke8 60. Kxg5 Kd8 61. Kf6 Kc8 62. Re7 Kd8 63. g5 Kc8 64. g6 Kb8 65. g7 Ka8 66. g8Q# 1-0

[Event "Fyli op 4th"]
[Site "Fyli"]
[Date "2012.04.07"]
[Round "3"]
[White "Karystianos, Petros"]
[Black "Katsalis, P."]
[Result "0-1"]
[WhiteElo "1477"]
[BlackElo "1180"]
[PlyCount "74"]
[EventDate "2012.03.24"]
[EventType "swiss"]
[EventRounds "7"]
[EventCountry "GRE"]
[SourceTitle "EXT 2013"]
[Source "ChessBase"]
[SourceDate "2012.11.22"]
[SourceVersion "1"]
[SourceVersionDate "2012.11.22"]
[SourceQuality "1"]

1. e4 e6 2. d4 d5 3. Nc3 Be7 4. e5 Nd7 5. Bd3 c5 6. f4 cxd4 7. Nb5 Nc5 8. Be2 Qb6 9. Qxd4 Bd7 10. a4 a6 11. a5 Qc6 12. Nc3 Ne4 13. Nxe4 dxe4 14. c4 Rd8 15. Qc3 Nh6 16. Be3 Bc8 17. Bb6 Rd7 18. c5 Nf5 19. b4 Nd4 20. Bg4 0-0 21. Ne2 e3 22. 0-0 Qe4 23. Ra3 Nc2 24. Bf3 Qxb4 25. Rc1 Rd2 26. Qxb4 Nxb4 27. Ng3 Bd7 28. Rxe3 Nd5 29. Re2 Rxe2 30. Nxe2 Rc8 31. Bxd5 exd5 32. Nd4 Bd8 33. Bxd8 Rxd8 34. c6 bxc6 35. Nxc6 Bxc6 36. Rxc6 d4 37. Rxa6 d3 0-1

[Event "Fyli op 3rd"]
[Site "Fyli"]
[Date "2011.10.28"]
[Round "7"]
[White "Karystianos, Petros"]
[Black "Gougis, Antonios"]
[Result "0-1"]
[WhiteElo "1518"]
[BlackElo "1609"]
[PlyCount "92"]
[EventDate "2011.09.16"]
[EventType "swiss"]
[EventRounds "7"]
[EventCountry "GRE"]
[SourceTitle "EXT 2013"]
[Source "ChessBase"]
[SourceDate "2012.11.22"]
[SourceVersion "1"]
[SourceVersionDate "2012.11.22"]
[SourceQuality "1"]

1. e4 e5 2. Nf3 Nc6 3. Bb5 Nf6 4. 0-0 Nxe4 5. d4 Nd6 6. Bxc6 bxc6 7. dxe5 Nb7 8. Qd4 Bc5 9. Qg4 Kf8 10. Qg3 d6 11. Nc3 Bf5 12. Bg5 Qc8 13. Na4 Qe6 14. Nxc5 Nxc5 15. Nd4 Qxe5 16. Qxe5 dxe5 17. Nxc6 f6 18. Be3 Na4 19. b3 Nc3 20. f4 exf4 21. Bxf4 Ne2+ 22. Kh1 Be4 23. Rae1 Nxf4 24. Rxe4 Ng6 25. h4 Re8 26. Rxe8+ Kxe8 27. h5 Kd7 28. Nxa7 Ne5 29. Rd1+ Ke6 30. Nb5 c6 31. Nd4+ Kf7 32. a4 Rd8 33. b4 c5 34. bxc5 Nc6 35. c3 Na5 36. c6 Nxc6 37. Kg1 Rd5 38. g4 Ne5 39. Kg2 Nxg4 40. Kf3 Ne5+ 41. Ke3 Nc4+ 42. Ke2 Rxh5 43. Kf3 Rh3+ 44. Ke2 Re3+ 45. Kf2 Rxc3 46. Ra1 Na5 0-1

[Event "Fyli op 3rd"]
[Site "Fyli"]
[Date "2011.10.21"]
[Round "6"]
[White "Karystianos, Petros"]
[Black "Ilaridis, Mihail"]
[Result "0-1"]
[WhiteElo "1518"]
[BlackElo "1499"]
[PlyCount "84"]
[EventDate "2011.09.16"]
[EventType "swiss"]
[EventRounds "7"]
[EventCountry "GRE"]
[SourceTitle "EXT 2013"]
[Source "ChessBase"]
[SourceDate "2012.11.22"]
[SourceVersion "1"]
[SourceVersionDate "2012.11.22"]
[SourceQuality "1"]

1. e4 g6 2. d4 Bg7 3. c4 d6 4. Nf3 Nf6 5. Nc3 0-0 6. h3 Na6 7. Be3 Re8 8. a3 Nd7 9. b4 c5 10. b5 Nc7 11. Qd2 Ne6 12. d5 Nef8 13. Bh6 Bh8 14. Ng5 f6 15. Nf3 Ne5 16. Nxe5 dxe5 17. f4 exf4 18. Bxf4 Nd7 19. Bd3 e5 20. Be3 Qe7 21. 0-0 b6 22. Qf2 Qg7 23. Ne2 Rf8 24. Ng3 Rf7 25. Be2 Nf8 26. Bf3 h6 27. Qe2 Nh7 28. Bg4 Bxg4 29. Qxg4 h5 30. Qe2 Raf8 31. h4 Re7 32. Rf3 Kf7 33. Raf1 Ke8 34. Qd2 Rff7 35. R1f2 Qf8 36. Qe2 Bg7 37. Qf1 f5 38. exf5 e4 39. Rf4 Bh6 40. Nxe4 Bxf4 41. Rxf4 Kd7 42. fxg6 Rxf4 0-1

[Event "Fyli op 3rd"]
[Site "Fyli"]
[Date "2011.10.07"]
[Round "4"]
[White "Giannopoulos, Antonios"]
[Black "Karystianos, Petros"]
[Result "1-0"]
[WhiteElo "1882"]
[BlackElo "1518"]
[PlyCount "73"]
[EventDate "2011.09.16"]
[EventType "swiss"]
[EventRounds "7"]
[EventCountry "GRE"]
[SourceTitle "EXT 2013"]
[Source "ChessBase"]
[SourceDate "2012.11.22"]
[SourceVersion "1"]
[SourceVersionDate "2012.11.22"]
[SourceQuality "1"]

1. e4 e5 2. Nf3 Nf6 3. Nxe5 d6 4. Nf3 Nxe4 5. d4 d5 6. Bd3 Nc6 7. 0-0 Be7 8. c4 Nb4 9. Be2 0-0 10. Nc3 Bf5 11. Bf4 a6 12. a3 Nxc3 13. bxc3 Nc2 14. Ra2 Nxa3 15. c5 Nb5 16. Bxb5 axb5 17. Rxa8 Qxa8 18. Bxc7 Rc8 19. Bf4 Bd7 20. Re1 Bf6 21. Qb3 Bc6 22. Qb2 Re8 23. Ra1 Qc8 24. Be5 Qf5 25. Bxf6 Qxf6 26. h3 Qf5 27. Qd2 f6 28. Ne1 Kf7 29. Nd3 g5 30. Rf1 Rg8 31. f3 h5 32. g4 Qg6 33. Kh2 Kg7 34. Nf2 Bd7 35. Re1 Re8 36. Rg1 f5 37. gxh5 1-0

[Event "Ambelokipi op 097th"]
[Site "Athens"]
[Date "2009.06.06"]
[Round "1"]
[White "Karystianos, Petros"]
[Black "Mendrinos, Nikolaos"]
[Result "0-1"]
[WhiteElo "1499"]
[BlackElo "2194"]
[PlyCount "74"]
[EventDate "2009.06.06"]
[EventType "swiss"]
[EventRounds "6"]
[EventCountry "GRE"]
[SourceTitle "EXT 2024"]
[Source "ChessBase"]
[SourceDate "2023.10.10"]
[SourceVersion "1"]
[SourceVersionDate "2023.10.10"]
[SourceQuality "1"]

1. e4 e5 2. Nf3 d6 3. d4 exd4 4. Nxd4 g6 5. Bc4 Bg7 6. Nc3 Nc6 7. Qf3 Ne5 8. Qe2 Nxc4 9. Qxc4 c6 10. 0-0 Ne7 11. Bg5 0-0 12. Rad1 a6 13. Rfe1 Qc7 14. Nd5 Nxd5 15. exd5 Qa5 16. Nb3 Qxa2 17. dxc6 bxc6 18. Qxc6 Be6 19. Nd4 Qxb2 20. Qxd6 Bc4 21. Bf6 Bxf6 22. Qxf6 Rad8 23. Re7 Be6 24. Qf4 Qxc2 25. Qd2 Qxd2 26. Rxd2 Rd6 27. f3 Bc4 28. Kf2 Rfd8 29. Ke3 Kg7 30. Rc7 Bb5 31. Rc3 Kf6 32. Nb3 Re8+ 33. Kf2 Rxd2+ 34. Nxd2 Re2+ 35. Kg3 Rxd2 36. Ra3 Bf1 37. Kf4 Rxg2 0-1

[Event "Ambelokipi op 83rd"]
[Site "Athens"]
[Date "2007.12.01"]
[Round "1"]
[White "Koerant, Filipos"]
[Black "Karystianos, Petros"]
[Result "1-0"]
[WhiteElo "2100"]
[BlackElo "1496"]
[PlyCount "52"]
[EventDate "2007.12.01"]
[EventType "swiss"]
[EventRounds "7"]
[EventCountry "GRE"]
[SourceTitle "EXT 2024"]
[Source "ChessBase"]
[SourceDate "2023.10.10"]
[SourceVersion "1"]
[SourceVersionDate "2023.10.10"]
[SourceQuality "1"]

1. d4 d5 2. c4 c6 3. Nf3 Nf6 4. e3 e6 5. Nbd2 Qa5 6. Bd3 dxc4 7. Bxc4 Nbd7 8. 0-0 Bd6 9. e4 e5 10. Qb3 Kd8 11. Ng5 Rf8 12. Nxf7+ Kc7 13. Nxd6 Kxd6 14. f4 exd4 15. e5+ Nxe5 16. fxe5+ Qxe5 17. Nf3 Qc5 18. Bf4+ Kd7 19. Rad1 d3+ 20. Kh1 Nd5 21. Bxd5 cxd5 22. Rxd3 Rf5 23. Rc1 Qa5 24. Bd2 Qb6 25. Rxd5+ Rxd5 26. Qxd5+ Qd6 1-0

[Event "Athens Siaperas Memorial 3rd"]
[Site "Athens"]
[Date "2007.02.10"]
[Round "1"]
[White "Filippas, Sebastian"]
[Black "Karystianos, Petros"]
[Result "1-0"]
[WhiteElo "2105"]
[BlackElo "1551"]
[PlyCount "27"]
[EventDate "2007.02.10"]
[EventType "swiss"]
[EventRounds "7"]
[EventCountry "GRE"]
[SourceTitle "EXT 2008"]
[Source "ChessBase"]
[SourceDate "2007.11.25"]
[SourceVersion "1"]
[SourceVersionDate "2007.11.25"]
[SourceQuality "1"]

1. c4 e5 2. Nc3 d6 3. g3 Nf6 4. Bg2 c6 5. d4 exd4 6. Qxd4 Qa5 7. Nf3 Bg4 8. 0-0 Bxf3 9. exf3 Qe5 10. Qd3 Nbd7 11. Bf4 Qc5 12. Rfe1+ Be7 13. Bxd6 Ne5 14. Rxe5 1-0